[Event "85th YMCA Masters "]
[Site "Warszawa"]
[Date "2011.02.11"]
[Round "6"]
[White "Leniart, Arkadiusz"]
[Black "Janczarski, Michal"]
[Result "1-0"]
[WhiteElo "2442"]
[BlackElo "2296"]
[PlyCount "45"]
[EventDate "2011.01.07"]
[EventType "tourn"]
[EventRounds "1"]
[EventCountry "POL"]
[SourceDate "2011.01.07"]

1. c4 e5 2. Nc3 Nf6 3. Nf3 Nc6 4. a3 d5 5. cxd5 Nxd5 6. e4 Nxc3 7. bxc3 Bc5 8.
Bb5 Bg4 9. h3 Bxf3 10. Qxf3 O-O 11. O-O Qd6 12. Rd1 Rad8 13. d3 a6 14. Bc4 b5
15. Bd5 Ne7 16. d4 exd4 17. cxd4 Nxd5 18. dxc5 Qf6 19. exd5 Qxa1 20. Bf4 Qb2
21. Bxc7 Rc8 22. d6 Qe5 23. Qd5 1-0

[Event "85th YMCA Masters "]
[Site "Warszawa"]
[Date "2011.02.22"]
[Round "6"]
[White "Adamski, Andrzej"]
[Black "Malec, Sebastian"]
[Result "1-0"]
[WhiteElo "2258"]
[BlackElo "2214"]
[PlyCount "67"]
[EventDate "2011.01.07"]
[EventType "tourn"]
[EventRounds "1"]
[EventCountry "POL"]
[SourceDate "2011.01.07"]

1. e4 c5 2. c3 d5 3. exd5 Qxd5 4. d4 Nf6 5. Nf3 e6 6. Bd3 Be7 7. O-O O-O 8. Be3
Nc6 9. Qe2 cxd4 10. cxd4 Nb4 11. Nc3 Qd8 12. Bc4 b6 13. Ne5 Bb7 14. Rac1 Nbd5
15. Rfd1 a6 16. Bd3 b5 17. Bg5 Rc8 18. a4 b4 19. Ne4 Nxe4 20. Rxc8 Qxc8 21.
Bxe7 Nxe7 22. Bxe4 Bxe4 23. Qxe4 Rd8 24. h3 Rd5 25. g4 Ng6 26. Nd3 a5 27. Rc1
Qd8 28. Rc4 h5 29. Ne5 Nxe5 30. dxe5 hxg4 31. hxg4 Rd1+ 32. Kg2 g6 33. Qf3 Qh4
34. Qxd1 1-0

[Event "85th YMCA Masters "]
[Site "Warszawa"]
[Date "2011.02.22"]
[Round "6"]
[White "Strzemiecki, Zbigniew"]
[Black "Nguyen, Piotr"]
[Result "1-0"]
[WhiteElo "2390"]
[BlackElo "2394"]
[PlyCount "77"]
[EventDate "2011.01.07"]
[EventType "tourn"]
[EventRounds "1"]
[EventCountry "POL"]
[SourceDate "2011.01.07"]

1. e4 g6 2. d4 Bg7 3. c4 d6 4. Nc3 Nf6 5. Be2 O-O 6. Be3 e5 7. d5 Nbd7 8. Qd2
Nc5 9. f3 a5 10. O-O-O Nh5 11. Bd3 f5 12. Bc2 Bd7 13. Nge2 Nf6 14. exf5 gxf5
15. Kb1 Qe7 16. h3 a4 17. g4 f4 18. Bxc5 dxc5 19. Rhe1 Ne8 20. Nxf4 Bh6 21. Ng6
Qg7 22. g5 Bxg5 23. Qxg5 hxg6 24. Rxe5 Rxf3 25. Re7 Qf6 26. Ne4 Qf5 27. h4 Rf1
28. Rxf1 Qxf1+ 29. Qc1 Bh3 30. Nxc5 Qxc4 31. Bxg6 Qxh4 32. Rxe8+ Rxe8 33. Bxe8
a3 34. Bg6 axb2 35. Qe3 Qf6 36. Bh7+ Kxh7 37. Qxh3+ Kg6 38. Qg4+ Kf7 39. Qe6+
1-0

[Event "85th YMCA Masters "]
[Site "Warszawa"]
[Date "2011.02.18"]
[Round "7"]
[White "Moskwinski, Tadeusz"]
[Black "Lewandowski, Rafal"]
[Result "0-1"]
[WhiteElo "2218"]
[BlackElo "2200"]
[PlyCount "60"]
[EventDate "2011.01.07"]
[EventType "tourn"]
[EventRounds "1"]
[EventCountry "POL"]
[SourceDate "2011.01.07"]

1. e4 c5 2. Nf3 e6 3. d4 cxd4 4. Nxd4 a6 5. Bd3 g6 6. c4 Bg7 7. Nb3 Ne7 8. Nc3
O-O 9. O-O d5 10. cxd5 exd5 11. Bg5 dxe4 12. Bxe4 Qxd1 13. Rfxd1 Nbc6 14. Nc5
f6 15. Bf4 f5 16. Bf3 Nd4 17. Bxb7 Bxb7 18. Nxb7 Ra7 19. Na5 Rd7 20. Rd2 Rfd8
21. Rad1 Kf7 22. Kf1 Ke8 23. Re1 Bf6 24. Nc4 g5 25. Be5 Kf7 26. Nb6 Rb7 27.
Bxf6 Kxf6 28. Rxe7 Kxe7 29. Ncd5+ Kf7 30. Rxd4 Rxb6 0-1

[Event "85th YMCA Masters "]
[Site "Warszawa"]
[Date "2011.01.28"]
[Round "7"]
[White "Nguyen, Piotr"]
[Black "Bobula, Mateusz"]
[Result "1-0"]
[WhiteElo "2394"]
[BlackElo "2393"]
[PlyCount "75"]
[EventDate "2011.01.07"]
[EventType "tourn"]
[EventRounds "1"]
[EventCountry "POL"]
[SourceDate "2011.01.07"]

1. e4 e6 2. d4 d5 3. exd5 exd5 4. Nf3 Nf6 5. Bd3 Be7 6. O-O O-O 7. h3 Ne4 8. c4
Bf5 9. Re1 Nd7 10. cxd5 Nd6 11. Bf4 Bg6 12. Nc3 Nb6 13. Qc2 Rc8 14. Re2 Bf6 15.
Rae1 Qd7 16. Ne5 Qd8 17. b4 Bg5 18. Bh2 Qf6 19. a4 Bxd3 20. Qxd3 Qf5 21. Qxf5
Nxf5 22. a5 Nxd4 23. Ra2 Na8 24. Rd1 Nf5 25. a6 bxa6 26. Ne4 Be7 27. Nc6 Rfe8
28. g4 Nh4 29. Bg3 Bxb4 30. Nxb4 Rxe4 31. Nc6 Ng6 32. Rxa6 Kf8 33. Nxa7 Rce8
34. Nb5 Nf4 35. Rda1 Ne2+ 36. Kg2 Nxg3 37. Rxa8 Ne2 38. Nxc7 1-0

[Event "85th YMCA Masters "]
[Site "Warszawa"]
[Date "2011.02.24"]
[Round "7"]
[White "Malec, Sebastian"]
[Black "Strzemiecki, Zbigniew"]
[Result "0-1"]
[WhiteElo "2214"]
[BlackElo "2390"]
[PlyCount "56"]
[EventDate "2011.01.07"]
[EventType "tourn"]
[EventRounds "1"]
[EventCountry "POL"]
[SourceDate "2011.01.07"]

1. d4 Nf6 2. c4 e6 3. Nc3 Bb4 4. Bg5 h6 5. Bh4 O-O 6. e3 c5 7. d5 b5 8. d6 bxc4
9. Bxc4 g5 10. Bg3 Ne4 11. Qd3 Bb7 12. f3 Nxg3 13. hxg3 Qf6 14. O-O-O Nc6 15.
f4 Bxc3 16. bxc3 Qg7 17. Nf3 g4 18. Nd2 Na5 19. Rh2 f5 20. Rdh1 Be4 21. Nxe4
fxe4 22. Qxe4 Qxc3+ 23. Kd1 Nxc4 24. Qg6+ Qg7 25. Rxh6 Qxg6 26. Rxg6+ Kf7 27.
Rhh6 Nxd6 28. Rxg4 Rh8 0-1

[Event "85th YMCA Masters "]
[Site "Warszawa"]
[Date "2011.03.01"]
[Round "7"]
[White "Kukawski, Maciej"]
[Black "Leniart, Arkadiusz"]
[Result "1/2-1/2"]
[WhiteElo "2331"]
[BlackElo "2442"]
[Annotator "M"]
[PlyCount "61"]
[EventDate "2011.01.07"]
[EventType "tourn"]
[EventRounds "1"]
[EventCountry "POL"]
[SourceDate "2011.01.07"]

1. e4 c5 2. c3 e6 3. d4 d5 4. exd5 exd5 5. Be3 c4 6. b3 cxb3 7. axb3 Nc6 8. Bd3
Bd6 9. Qf3 Nge7 10. Ne2 O-O 11. Nd2 Be6 12. Nf4 Bxf4 13. Qxf4 Ng6 14. Qg3 f5
15. Bf4 Nxf4 16. Qxf4 g5 17. Qe3 Re8 18. Kf1 f4 19. Qf3 Qf6 20. g4 h5 21. h3
Kg7 22. Kg2 Bf7 23. Rag1 hxg4 24. hxg4 Rh8 25. Kf1 Ne7 26. Rxh8 Rxh8 27. Rh1
Rxh1+ 28. Qxh1 Bg6 29. Qf3 Bxd3+ 30. Qxd3 Qe6 31. Qe2 $11 1/2-1/2

[Event "85th YMCA Masters "]
[Site "Warszawa"]
[Date "2011.02.25"]
[Round "8"]
[White "Adamski, Andrzej"]
[Black "Kukawski, Maciej"]
[Result "1/2-1/2"]
[WhiteElo "2258"]
[BlackElo "2331"]
[Annotator "M"]
[PlyCount "62"]
[EventDate "2011.01.07"]
[EventType "tourn"]
[EventRounds "1"]
[EventCountry "POL"]
[SourceDate "2011.01.07"]

1. d4 d5 2. c4 e6 3. Nc3 c6 4. e4 dxe4 5. Nxe4 Bb4+ 6. Bd2 Qxd4 7. Bxb4 Qxe4+
8. Ne2 Na6 9. Bf8 Ne7 10. Bxg7 Nb4 11. Bxh8 e5 12. Qd6 Nc2+ 13. Kd2 Bf5 14. Ng3
Qf4+ 15. Kc3 Nxa1 16. Qd2 Qxd2+ 17. Kxd2 O-O-O+ 18. Kc3 Rxh8 19. Nxf5 Nxf5 20.
Bd3 Nd4 21. Rxa1 c5 22. Re1 f6 23. f4 exf4 24. Re7 f5 25. b4 Nc6 26. Bxf5+ Kb8
27. Rxh7 cxb4+ 28. Kb2 Re8 29. Bg4 Ne5 30. Be2 Rg8 31. Bf3 Nxf3 $11 1/2-1/2

[Event "85th YMCA Masters "]
[Site "Warszawa"]
[Date "2011.02.25"]
[Round "8"]
[White "Strzemiecki, Zbigniew"]
[Black "Janczarski, Michal"]
[Result "1-0"]
[WhiteElo "2390"]
[BlackElo "2296"]
[PlyCount "37"]
[EventDate "2011.01.07"]
[EventType "tourn"]
[EventRounds "1"]
[EventCountry "POL"]
[SourceDate "2011.01.07"]

1. e4 c5 2. Nf3 d6 3. d4 cxd4 4. Qxd4 Bd7 5. c4 Nf6 6. Nc3 e6 7. Be2 Be7 8. O-O
O-O 9. b3 Nc6 10. Qd2 a6 11. Bb2 Qb8 12. Rad1 b5 13. cxb5 axb5 14. Bxb5 Nxe4
15. Nxe4 Qxb5 16. Nxd6 Bxd6 17. Qxd6 Rxa2 18. Qxd7 Rxb2 19. Rc1 1-0

[Event "85th YMCA Masters "]
[Site "Warszawa"]
[Date "2011.02.15"]
[Round "8"]
[White "Moskwinski, Tadeusz"]
[Black "Nguyen, Piotr"]
[Result "0-1"]
[WhiteElo "2218"]
[BlackElo "2394"]
[PlyCount "42"]
[EventDate "2011.01.07"]
[EventType "tourn"]
[EventRounds "1"]
[EventCountry "POL"]
[SourceDate "2011.01.07"]

1. e4 c5 2. Nf3 g6 3. c3 Bg7 4. d4 cxd4 5. cxd4 d5 6. exd5 Nf6 7. Nc3 Nxd5 8.
Bc4 Nb6 9. Bb3 O-O 10. h3 Nc6 11. Be3 Na5 12. Bc2 Nac4 13. Rb1 Qc7 14. Bc1 Rd8
15. Qe2 Na3 16. bxa3 Qxc3+ 17. Qd2 Qc6 18. Qe2 Be6 19. Bd3 Nd5 20. Qb2 Nc3 21.
Qxb7 Qa4 0-1

[Event "85th YMCA Masters "]
[Site "Warszawa"]
[Date "2011.02.26"]
[Round "9"]
[White "Kukawski, Maciej"]
[Black "Strzemiecki, Zbigniew"]
[Result "0-1"]
[WhiteElo "2331"]
[BlackElo "2390"]
[PlyCount "102"]
[EventDate "2011.01.07"]
[EventType "tourn"]
[EventRounds "1"]
[EventCountry "POL"]
[SourceDate "2011.01.07"]

1. e4 e6 2. d4 d5 3. Nc3 Bb4 4. e5 Ne7 5. a3 Bxc3+ 6. bxc3 c5 7. h4 Bd7 8. h5
Qa5 9. Bd2 Nbc6 10. Nf3 O-O-O 11. Rb1 a6 12. h6 gxh6 13. Qc1 Ng8 14. Qb2 Qc7
15. dxc5 f6 16. exf6 Nxf6 17. Rxh6 Rdf8 18. c4 d4 19. Nxd4 e5 20. Nxc6 Bxc6 21.
Qb6 Ng4 22. Qxc7+ Kxc7 23. Ba5+ Kc8 24. Rxc6+ bxc6 25. Rb6 Kd7 26. g3 e4 27.
Rb7+ Ke6 28. Bc3 Rhg8 29. Rc7 Rxf2 30. Rxc6+ Kf5 31. Rd6 Rxc2 32. Bd2 Rb8 33.
Bh3 h5 34. Rd5+ Kf6 35. Rd6+ Kf5 36. Rd5+ Kg6 37. Rd6+ Kf7 38. Rd7+ Ke6 39.
Rd6+ Ke7 40. Rb6 Rxb6 41. cxb6 Kd7 42. Bf4 Kc6 43. c5 Rxc5 44. Bg2 Rc4 45. Bc7
Ne3 46. Bh3 Nd5 47. Be6 Rc5 48. Bxd5+ Rxd5 49. Ke2 Rd3 50. a4 Ra3 51. a5 Rxa5
0-1

[Event "85th YMCA Masters "]
[Site "Warszawa"]
[Date "2011.03.03"]
[Round "9"]
[White "Leniart, Arkadiusz"]
[Black "Adamski, Andrzej"]
[Result "0-1"]
[WhiteElo "2442"]
[BlackElo "2258"]
[PlyCount "124"]
[EventDate "2011.01.07"]
[EventType "tourn"]
[EventRounds "1"]
[EventCountry "POL"]
[SourceDate "2011.01.07"]

1. d4 Nf6 2. c4 g6 3. Nc3 Bg7 4. e4 d6 5. Be2 e5 6. d5 O-O 7. Bg5 a5 8. h4 Na6
9. Qd2 Nc5 10. f3 c6 11. Rd1 cxd5 12. cxd5 Bd7 13. Nh3 Rb8 14. Nf2 b5 15. Rc1
Qb6 16. g4 Rfc8 17. h5 b4 18. Ncd1 Bb5 19. hxg6 fxg6 20. Ne3 Na4 21. Nc4 Qa6
22. b3 Nc3 23. Bd3 Rf8 24. a4 Bxc4 25. Bxc4 Qa7 26. Be3 Qf7 27. O-O h5 28. g5
Nh7 29. Nh3 Qd7 30. Kg2 Rf7 31. Qd3 Rbf8 32. Bb5 Qd8 33. Rxc3 bxc3 34. Qxc3 Rf4
35. Qc6 Nxg5 36. Nxf4 exf4 37. Bb6 Qf6 38. Bxa5 Nxe4 39. fxe4 Qh4 40. Rf3 Qg4+
41. Kf2 Bd4+ 42. Ke2 Rc8 43. Bc7 Qg2+ 44. Kd3 Be5 45. Kc4 Qxf3 46. Kb4 Qd1 47.
Ka5 Qxb3 48. Ka6 Qc3 49. Kb7 Rf8 50. a5 Qa3 51. a6 f3 52. a7 Bd4 53. Qa6 Qxa6+
54. Bxa6 Bxa7 55. Kxa7 f2 56. e5 f1=Q 57. Bxf1 Rxf1 58. exd6 Rf7 59. Kb8 Kf8
60. Kc8 Ke8 61. Bd8 Rd7 62. Be7 g5 0-1